[Event "28th Czech Open E 2018"]
[Site "Pardubice CZE"]
[Date "2018.07.14"]
[Round "4.4"]
[White "Krapivin, Vladislav"]
[Black "Liedtke, Matthias"]
[Result "1/2-1/2"]
[WhiteTitle "IM"]
[BlackTitle "FM"]
[WhiteElo "2310"]
[BlackElo "2282"]
[WhiteTeam "YAMAL 1"]
[BlackTeam "SCHACHGEMEINSCHAFT LEIPZIG"]
[WhiteFideId "4126149"]
[BlackFideId "4616758"]
[EventDate "2018.07.12"]
[EventType "team"]

1. e4 e6 2. d4 d5 3. exd5 exd5 4. Bd3 Bd6 5. Qf3 Nc6 6. c3 Nf6 7. Bg5 Be7 8. h3
O-O 9. Ne2 Ne4 10. Bxe7 Qxe7 11. O-O f5 12. Qe3 Qf7 13. f4 Bd7 14. Qc1 a6 15.
Nd2 Ne7 16. a4 a5 17. Nf3 Qe8 18. Qc2 b5 19. Ne5 bxa4 20. Ra3 Nc8 21. c4 dxc4
22. Bxc4+ Kh8 23. Bd5 Rb8 24. Nxd7 Qxd7 25. Bc6 Qf7 26. Rxa4 Qb3 27. Qxb3 Rxb3
28. Bxe4 fxe4 29. Rxa5 Rxb2 30. Nc3 Nd6 31. Re5 Rd2 32. Nxe4 Rxd4 33. Nxd6 cxd6
34. Re7 Kg8 35. Rd7 Rdxf4 1/2-1/2

[Event "28th Czech Open E 2018"]
[Site "Pardubice CZE"]
[Date "2018.07.14"]
[Round "4.1"]
[White "Enoeckl, Philipp"]
[Black "Vrana, Jan"]
[Result "1/2-1/2"]
[WhiteTitle "FM"]
[BlackTitle "FM"]
[WhiteElo "2314"]
[BlackElo "2328"]
[WhiteTeam "SCHACHKLUB STEYREGG"]
[BlackTeam "2222 SK POLABINY A (MCR)"]
[WhiteFideId "1608894"]
[BlackFideId "322369"]
[EventDate "2018.07.12"]
[EventType "team"]

1. d4 d5 2. Bg5 Nf6 3. e3 e6 4. c4 Be7 5. Nc3 O-O 6. Nf3 h6 7. Bh4 b6 8. cxd5
exd5 9. Ne5 Bb7 10. Bd3 Nfd7 11. Bg3 Nxe5 12. Bxe5 Nd7 13. Bg3 c5 14. dxc5 bxc5
15. O-O Nf6 16. Qb3 Qc8 17. Bf5 Qc6 18. Qb5 g6 19. Qxc6 Bxc6 20. Bd3 Rfd8 21.
Bb5 Bxb5 22. Nxb5 a6 23. Na3 Ne4 24. Be5 f6 25. Bc7 Rd7 26. Ba5 Rb8 27. f3 Ng5
28. Rf2 Rdb7 29. Rd1 Rxb2 30. Rxd5 Kf7 31. Bc3 Rxf2 32. Kxf2 Ke6 33. Rd2 1/2-1/2

[Event "28th Czech Open E 2018"]
[Site "Pardubice CZE"]
[Date "2018.07.14"]
[Round "4.2"]
[White "Novotny, Michal"]
[Black "Bauer, Thomas"]
[Result "1-0"]
[WhiteTitle "FM"]
[BlackTitle "CM"]
[WhiteElo "2304"]
[BlackElo "2181"]
[WhiteTeam "2222 SK POLABINY A (MCR)"]
[BlackTeam "SCHACHKLUB STEYREGG"]
[WhiteFideId "310980"]
[BlackFideId "1639293"]
[EventDate "2018.07.12"]
[EventType "team"]

1. d4 Nf6 2. Nf3 g6 3. Nc3 d6 4. e4 a6 5. a4 Bg7 6. Be2 O-O 7. O-O Bg4 8. Be3
Nc6 9. d5 Nb4 10. a5 e6 11. h3 Bxf3 12. Bxf3 c6 13. Ra4 c5 14. Ra3 exd5 15. exd5
Nd7 16. Na4 Ne5 17. Be2 Qxa5 18. c3 Qc7 19. cxb4 cxb4 20. Bb6 Qe7 21. Re3 Qh4
22. Bc7 b5 23. Nb6 Rab8 24. Bxd6 Rxb6 25. Bxe5 Bxe5 26. Rxe5 Qf4 27. Re3 Rd8 28.
Bf3 Qf6 29. Qd2 a5 30. Ra1 Ra6 31. Qe2 Kg7 32. Qxb5 Qxb2 33. Rxa5 Qc1+ 34. Kh2
Qc7+ 35. g3 Qxa5 36. Qd3 Qa1 37. Bd1 Ra3 38. Bb3 Qc3 39. Qe2 Qd4 40. Rd3 Qf6 41.
Rf3 Qd6 42. Qb2+ f6 43. Re3 Qc5 44. Rf3 Rd6 45. Qe2 Ra7 46. h4 Rb7 47. Qe4 Qc1
48. Qd3 Qe1 49. Kg2 Qe5 50. Qc4 Qe7 51. h5 Rdb6 52. Qc1 gxh5 53. Re3 Qd7 54. Re4
Qf5 55. Qe3 Qg6 56. d6 Kf8 57. Re7 f5 58. Re6 Rxd6 59. Rxg6 Rxg6 60. Qf3 Rb5 61.
Bc4 Re5 62. Qb7 Re7 63. Qxb4 h4 64. Qb5 hxg3 65. Qxf5+ Kg7 66. fxg3 Rb7 67. g4
Rb2+ 68. Kg3 Rb7 69. Qe5+ Kh6 70. Kh4 Rbg7 71. Qh5# 1-0

[Event "28th Czech Open E 2018"]
[Site "Pardubice CZE"]
[Date "2018.07.14"]
[Round "4.4"]
[White "Lahner, Jakub"]
[Black "Zauner, Christoph"]
[Result "1-0"]
[WhiteTitle "FM"]
[WhiteElo "2310"]
[BlackElo "1956"]
[WhiteTeam "2222 SK POLABINY A (MCR)"]
[BlackTeam "SCHACHKLUB STEYREGG"]
[WhiteFideId "313360"]
[BlackFideId "1623290"]
[EventDate "2018.07.12"]
[EventType "team"]

1. d4 e6 2. Nf3 Nf6 3. g3 b6 4. c4 Bb4+ 5. Nbd2 Bb7 6. Bg2 O-O 7. O-O d5 8. Ne5
Nbd7 9. Ndf3 Bd6 10. Bg5 Qe8 11. Qc2 Ne4 12. Bf4 f6 13. Nxd7 Qxd7 14. Nd2 Bxf4
15. gxf4 Nxd2 16. Qxd2 c6 17. Rac1 Rac8 18. Rfd1 Rfd8 19. Qe3 dxc4 20. Rxc4 Ba6
21. Rc2 Qd6 22. Qb3 c5 23. e3 c4 24. Qc3 e5 25. fxe5 fxe5 26. Rcd2 exd4 27. Rxd4
Qf6 28. Qa3 Rxd4 29. Rxd4 b5 30. Rd6 1-0

[Event "28th Czech Open E 2018"]
[Site "Pardubice CZE"]
[Date "2018.07.14"]
[Round "4.1"]
[White "Vymazal, Bronislav"]
[Black "Konopka, Michal"]
[Result "1/2-1/2"]
[BlackTitle "IM"]
[WhiteElo "2338"]
[BlackElo "2359"]
[WhiteTeam "CEREBRO"]
[BlackTeam "SK ZIKUDA TURNOV A (MCR)"]
[WhiteFideId "318396"]
[BlackFideId "308633"]
[EventDate "2018.07.12"]
[EventType "team"]

1. d4 Nf6 2. Bf4 d6 3. Nc3 g6 4. e4 c6 5. Qd2 b5 6. Bd3 Nbd7 7. Nf3 Bg7 8. O-O
O-O 9. a4 b4 10. Ne2 a5 11. Ng3 e5 12. Bh6 Bxh6 13. Qxh6 Ng4 14. Qd2 exd4 15.
Nxd4 Qh4 16. h3 Nge5 17. Qe3 Nc5 18. Be2 Bb7 19. Rad1 Rae8 20. b3 Qf6 21. Qh6
Ned7 22. Bf3 Re5 23. Bg4 Re7 24. f4 Nxe4 25. Nxe4 Rxe4 26. Nf3 Re7 27. Ng5 Qg7
28. Qh4 f5 1/2-1/2

[Event "28th Czech Open E 2018"]
[Site "Pardubice CZE"]
[Date "2018.07.14"]
[Round "4.2"]
[White "Cech, Pavel"]
[Black "Kratochvil, Josef"]
[Result "0-1"]
[WhiteTitle "IM"]
[BlackTitle "FM"]
[WhiteElo "2345"]
[BlackElo "2309"]
[WhiteTeam "SK ZIKUDA TURNOV A (MCR)"]
[BlackTeam "CEREBRO"]
[WhiteFideId "302139"]
[BlackFideId "328626"]
[EventDate "2018.07.12"]
[EventType "team"]

1. d4 g6 2. e4 Bg7 3. Nc3 d6 4. Be3 Nf6 5. Qd2 O-O 6. Bh6 Bxh6 7. Qxh6 c5 8.
dxc5 dxc5 9. Nf3 Nc6 10. Ng5 Nd4 11. Bd3 Qd6 12. Nd5 Rd8 13. O-O-O Be6 14. Nxf6+
exf6 15. Qxh7+ Kf8 16. Qh6+ Kg8 17. Qh7+ Kf8 18. Nxe6+ Qxe6 19. b3 b5 20. Rhe1
c4 21. e5 fxe5 22. Qh8+ Ke7 23. Qh4+ Kf8 24. Qh8+ Ke7 25. Qh4+ Kf8 26. f4 Kg7
27. Rxe5 Qd6 28. Kb2 cxd3 29. Rxd3 Rac8 30. c3 Qc6 31. Rg3 b4 32. c4 Re8 33. Rh5
Rh8 34. Rxh8 Rxh8 35. Qe7 Qf6 36. Qxf6+ Kxf6 37. h3 Re8 38. Rd3 Re2+ 39. Kb1 Ne6
40. g3 Ke7 41. h4 Nc5 42. Rd5 Ne4 43. Ra5 Nc3+ 44. Ka1 Kd6 45. Rxa7 Rg2 46. g4
Kc5 47. h5 gxh5 48. gxh5 Kd4 49. Rd7+ Ke3 50. Re7+ Kd3 0-1

[Event "28th Czech Open E 2018"]
[Site "Pardubice CZE"]
[Date "2018.07.14"]
[Round "4.4"]
[White "Vltavsky, Vladimir"]
[Black "Svoboda, Karel"]
[Result "0-1"]
[WhiteElo "2201"]
[BlackElo "1977"]
[WhiteTeam "SK ZIKUDA TURNOV A (MCR)"]
[BlackTeam "CEREBRO"]
[WhiteFideId "309958"]
[BlackFideId "330213"]
[EventDate "2018.07.12"]
[EventType "team"]

1. e4 e5 2. Nf3 Nc6 3. Bc4 d6 4. c3 Na5 5. Bb5+ c6 6. Ba4 b5 7. Bc2 Nf6 8. O-O
Be7 9. d4 Qc7 10. a4 Bg4 11. Re1 O-O 12. h3 Bh5 13. Nbd2 a6 14. Nf1 h6 15. Ne3
Rfe8 16. b4 Nb7 17. Bb2 Bf8 18. Nf5 a5 19. axb5 cxb5 20. g4 Bg6 21. d5 axb4 22.
cxb4 Rxa1 23. Bxa1 Bxf5 24. gxf5 Rb8 25. Bd3 Nd8 26. Qd2 Nh5 27. Rc1 Qa7 28. Qe3
Qa3 29. Bf1 Qxb4 30. Qa7 Rb7 31. Qa8 Rd7 32. Rc8 Be7 33. Bd3 Nf4 34. Bc3 Qb3 35.
Bf1 b4 36. Nd2 Qd1 37. Bxb4 Nxh3+ 38. Kh2 Nxf2 39. Ba5 Kh7 40. Kg2 Ng4 41. Nc4
Qc2+ 42. Nd2 Qd1 43. Nc4 Qd4 44. Kf3 Qf2+ 45. Kxg4 h5+ 46. Kh3 Qxf1+ 47. Kh2
Qf2+ 48. Kh1 h4 49. Bb6 Qf1+ 50. Bg1 Qf3+ 51. Kh2 Bg5 52. Be3 h3 53. Qa2 Bxe3
54. Nxe3 Qxe3 55. Rb8 Nb7 56. Qa1 Qf2+ 57. Kxh3 Qe3+ 58. Kh2 Qd2+ 59. Kh1 Qh6+
60. Kg2 Qg5+ 61. Kf2 Nd8 62. Qa4 Rb7 0-1

[Event "28th Czech Open E 2018"]
[Site "Pardubice CZE"]
[Date "2018.07.14"]
[Round "4.1"]
[White "Balacek, Tadeas"]
[Black "Sokolov, Alexander"]
[Result "1/2-1/2"]
[WhiteTitle "CM"]
[BlackTitle "FM"]
[WhiteElo "2294"]
[BlackElo "2394"]
[WhiteTeam "KS 1925 RICANY A (MCR)"]
[BlackTeam "TJ PANKRAC (MCR)"]
[WhiteFideId "327646"]
[BlackFideId "4119177"]
[EventDate "2018.07.12"]
[EventType "team"]

1. d4 Nf6 2. c4 g6 3. Nc3 Bg7 4. Nf3 O-O 5. e4 d6 6. Be2 c5 7. d5 e6 8. O-O exd5
9. cxd5 a6 10. a4 Bg4 11. Bf4 Bxf3 12. Bxf3 Re8 13. Re1 Qc7 14. Qc2 Nbd7 15. a5
c4 16. Be2 Ne5 17. Be3 Nfd7 18. Na4 Rac8 19. h3 h5 20. Kh1 Nd3 21. Bxd3 cxd3 22.
Qxd3 Qc2 23. Qxc2 Rxc2 24. Rac1 Rxc1 25. Rxc1 Rxe4 26. Rc7 Rxa4 1/2-1/2

[Event "28th Czech Open E 2018"]
[Site "Pardubice CZE"]
[Date "2018.07.14"]
[Round "4.4"]
[White "Postupa, Martin"]
[Black "Krejci, Martin"]
[Result "0-1"]
[WhiteElo "2092"]
[BlackElo "2069"]
[WhiteTeam "TJ PANKRAC (MCR)"]
[BlackTeam "KS 1925 RICANY A (MCR)"]
[WhiteFideId "325210"]
[BlackFideId "343790"]
[EventDate "2018.07.12"]
[EventType "team"]

1. e4 c5 2. Nc3 Nc6 3. g3 g6 4. Bg2 Bg7 5. d3 d6 6. Be3 e6 7. Qd2 Rb8 8. a4 a6
9. Nh3 b5 10. axb5 axb5 11. O-O Nd4 12. f4 Ne7 13. Rae1 b4 14. Nd1 O-O 15. b3 f5
16. Kh1 d5 17. exd5 Nxd5 18. Bg1 h6 19. Ne3 Nxe3 20. Rxe3 Qd6 21. Nf2 Rb6 22.
Nd1 Ra6 23. Ree1 Ra2 24. Bxd4 Bxd4 25. Re2 Rf7 26. Qe1 Rfa7 27. h3 Ra1 28. g4
Rc1 29. Qh4 Rh7 30. gxf5 gxf5 31. Rfe1 Qe7 32. Qh5 Qf7 33. Qf3 Rg7 34. Qc6 Bd7
35. Qa8+ Kh7 36. Qf3 Qg8 37. Kh2 Bc8 38. Qf1 Rg6 39. Ne3 Rxe1 40. Rxe1 Qd8 41.
Qf3 Qh4 42. Re2 Rg7 43. Nc4 Bb7 44. Qf1 Qg3+ 45. Kh1 Qxh3# 0-1

[Event "28th Czech Open E 2018"]
[Site "Pardubice CZE"]
[Date "2018.07.14"]
[Round "5.1"]
[White "Pulpan, Jakub"]
[Black "Polak, Tomas"]
[Result "0-1"]
[WhiteTitle "IM"]
[BlackTitle "GM"]
[WhiteElo "2386"]
[BlackElo "2492"]
[WhiteTeam "BOZKOV"]
[BlackTeam "MORAVSKA SLAVIA BRNO A (MCR)"]
[WhiteFideId "302759"]
[BlackFideId "300560"]
[EventDate "2018.07.12"]
[EventType "team"]

1. e4 c6 2. Nf3 d5 3. Nc3 Bg4 4. h3 Bh5 5. Be2 e6 6. O-O Nf6 7. d3 Be7 8. Bf4
O-O 9. Ne5 Bxe2 10. Qxe2 Nbd7 11. Nxd7 Nxd7 12. d4 Re8 13. Rfd1 Bb4 14. Nb1 Qh4
15. Bd2 Bf8 16. Nc3 f5 17. exf5 exf5 18. Qf3 Qxd4 19. Qxf5 Nb6 20. Qf4 Qxf4 21.
Bxf4 Bb4 22. Rd3 Nc4 23. b3 Nb2 24. Rg3 d4 25. Na4 Nxa4 26. bxa4 Bc3 27. Rb1 b6
28. Bh6 g6 29. h4 Re4 30. h5 Rh4 31. Rh3 Rxh3 32. gxh3 Re8 33. Kf1 Re5 34. hxg6
hxg6 35. Rd1 Rh5 36. Bd2 Bxd2 37. Rxd2 c5 38. Rd3 Rh4 39. Rb3 c4 40. Rb4 c3 41.
a5 d3 42. Rb3 d2 43. Rb1 Rb4 0-1

[Event "28th Czech Open E 2018"]
[Site "Pardubice CZE"]
[Date "2018.07.14"]
[Round "5.2"]
[White "Blatny, Pavel"]
[Black "Simet, Martin"]
[Result "1-0"]
[WhiteTitle "GM"]
[BlackTitle "FM"]
[WhiteElo "2335"]
[BlackElo "2182"]
[WhiteTeam "MORAVSKA SLAVIA BRNO A (MCR)"]
[BlackTeam "BOZKOV"]
[WhiteFideId "300047"]
[BlackFideId "377244"]
[EventDate "2018.07.12"]
[EventType "team"]

1. b3 g6 2. Bb2 Nf6 3. g4 Bg7 4. Bg2 e6 5. e4 d5 6. e5 Nfd7 7. Qe2 c5 8. h4 h5
9. g5 Nc6 10. f4 Rb8 11. c4 Nb6 12. d3 Ne7 13. Nc3 Nf5 14. Rh3 Bf8 15. O-O-O Be7
16. Nf3 Bd7 17. Qf2 Bc6 18. Ng1 Rh7 19. Nge2 Nc8 20. cxd5 exd5 21. d4 b6 22. Qf3
cxd4 23. Nxd5 Bc5 24. Nf6+ Qxf6 25. gxf6 Bxf3 26. Bxf3 1-0

[Event "28th Czech Open E 2018"]
[Site "Pardubice CZE"]
[Date "2018.07.14"]
[Round "5.3"]
[White "Eret, Jonas"]
[Black "Vojta, Tomas"]
[Result "0-1"]
[BlackTitle "FM"]
[WhiteElo "2224"]
[BlackElo "2350"]
[WhiteTeam "BOZKOV"]
[BlackTeam "MORAVSKA SLAVIA BRNO A (MCR)"]
[WhiteFideId "364495"]
[BlackFideId "308781"]
[EventDate "2018.07.12"]
[EventType "team"]

1. d4 d5 2. Nf3 Nf6 3. Bf4 c5 4. e3 Nc6 5. c3 Qb6 6. b3 Bf5 7. Nbd2 e6 8. a4
cxd4 9. exd4 Be7 10. a5 Nxa5 11. b4 Nc6 12. b5 Nb8 13. Be2 O-O 14. O-O Ne4 15.
Nxe4 Bxe4 16. Nd2 Bg6 17. Qb3 Nd7 18. c4 dxc4 19. Nxc4 Qxd4 20. Be3 Qf6 21. Rxa7
Rxa7 22. Bxa7 Be4 23. Rd1 Bd5 24. Qe3 Rc8 25. Nb6 Nxb6 26. Bxb6 Bd6 27. Bf3 Rc3
28. Qd2 Rxf3 29. Rc1 h6 30. gxf3 Qxf3 31. Kf1 Bf4 32. Be3 Bxh2 33. Qd3 Qe4 34.
Qxe4 Bxe4 35. Ke2 Be5 36. Rc5 Bd5 37. b6 g5 38. f3 Kg7 39. Rc1 Kg6 40. Rg1 f5
41. Kf2 f4 42. Bc5 h5 43. Re1 Bf6 44. Rg1 Kf5 45. Rh1 Kg6 46. Rg1 Bc6 47. Re1
Kf5 48. Rh1 Be8 49. Kg2 g4 0-1

[Event "28th Czech Open E 2018"]
[Site "Pardubice CZE"]
[Date "2018.07.14"]
[Round "5.4"]
[White "Tikovsky, Alexandr"]
[Black "Slovak, Kilian"]
[Result "1/2-1/2"]
[WhiteElo "2169"]
[BlackElo "2285"]
[WhiteTeam "MORAVSKA SLAVIA BRNO A (MCR)"]
[BlackTeam "BOZKOV"]
[WhiteFideId "313009"]
[BlackFideId "365440"]
[EventDate "2018.07.12"]
[EventType "team"]

1. d4 Nf6 2. Bf4 g6 3. e3 Bg7 4. Nf3 O-O 5. Be2 d6 6. O-O c5 7. c3 Nbd7 8. Nbd2
b6 9. a4 a6 10. h3 Bb7 11. Qb1 Qc7 12. Bh2 Bc6 13. c4 cxd4 14. exd4 e5 15. Ra3
Rfe8 16. d5 Bb7 17. a5 Bh6 18. axb6 Nxb6 19. Ne4 Nxe4 20. Qxe4 a5 21. g4 Nd7 22.
g5 Bg7 23. h4 Nc5 24. Qe3 a4 25. Bg3 Rab8 26. Bd1 Bc8 27. Bxa4 Nxa4 28. Rxa4
Rxb2 29. Rc1 Qb8 30. Nd2 Bf5 31. Ne4 Rb3 32. Qe2 Rb1 33. Ra1 Rxc1+ 34. Rxc1 Rc8
35. Qe3 Qb4 36. Nf6+ Kh8 37. c5 Qb2 38. c6 h5 39. Rd1 Bxf6 40. gxf6 Kh7 41. Qa7
Kg8 42. Qe3 Kh7 43. Qa7 Kg8 44. Qe3 Kh7 1/2-1/2

[Event "28th Czech Open E 2018"]
[Site "Pardubice CZE"]
[Date "2018.07.14"]
[Round "5.1"]
[White "Vrana, Jan"]
[Black "Vymazal, Bronislav"]
[Result "0-1"]
[WhiteTitle "FM"]
[WhiteElo "2328"]
[BlackElo "2338"]
[WhiteTeam "2222 SK POLABINY A (MCR)"]
[BlackTeam "CEREBRO"]
[WhiteFideId "322369"]
[BlackFideId "318396"]
[EventDate "2018.07.12"]
[EventType "team"]

1. e4 b6 2. d4 Bb7 3. Bd3 Nf6 4. Nd2 e6 5. Ngf3 c5 6. c3 d5 7. e5 Nfd7 8. O-O
Ba6 9. Qe2 Bxd3 10. Qxd3 Nc6 11. a3 c4 12. Qe2 Qc7 13. Ng5 h6 14. Nh3 O-O-O 15.
f4 g6 16. Nf3 Re8 17. Nf2 Rg8 18. Bd2 Kb7 19. Rae1 b5 20. Kh1 h5 21. h3 Rh8 22.
g3 a5 23. Kg2 Nb6 24. g4 Ra8 25. Ra1 Be7 26. Nh1 hxg4 27. hxg4 b4 28. cxb4 axb4
29. Bxb4 Bxb4 30. axb4 Qe7 31. b5 Na5 32. Nd2 Qb4 33. Rab1 Nb3 34. Nxb3 cxb3 35.
Qd3 Rhc8 36. Ng3 Rc2+ 37. Rf2 Rac8 38. f5 gxf5 39. gxf5 Rxf2+ 40. Kxf2 Rc2+ 41.
Ne2 Qc4 42. Qe3 Na4 43. fxe6 fxe6 44. Rh1 Nxb2 45. Kf3 Kb6 46. Rh6 Nd1 47. Rxe6+
Kxb5 0-1

[Event "28th Czech Open E 2018"]
[Site "Pardubice CZE"]
[Date "2018.07.14"]
[Round "5.3"]
[White "Bernard, Borek"]
[Black "Macharacek, Simon"]
[Result "1/2-1/2"]
[WhiteElo "2313"]
[BlackElo "2224"]
[WhiteTeam "2222 SK POLABINY A (MCR)"]
[BlackTeam "CEREBRO"]
[WhiteFideId "315672"]
[BlackFideId "313319"]
[EventDate "2018.07.12"]
[EventType "team"]

1. e4 e5 2. Nf3 Nc6 3. Bc4 Bc5 4. c3 Nf6 5. d3 d6 6. b4 Bb6 7. O-O O-O 8. h3 h6
9. Re1 Re8 10. a3 a6 11. Bb3 Be6 12. Nbd2 d5 13. exd5 Bxd5 14. c4 Bxf3 15. Nxf3
Bd4 16. Ra2 Bc3 17. Bd2 Bd4 18. Ba4 Re6 19. Bxc6 bxc6 20. Nxd4 Qxd4 21. Be3 Qc3
22. Qd2 Qxd2 23. Bxd2 Rd8 24. Bc3 Rxd3 25. Bxe5 Nd7 26. Rae2 Nxe5 27. Rxe5 Rxe5
28. Rxe5 1/2-1/2

[Event "28th Czech Open E 2018"]
[Site "Pardubice CZE"]
[Date "2018.07.14"]
[Round "5.4"]
[White "Chan, Naruna"]
[Black "Bujnoch, Radek"]
[Result "0-1"]
[WhiteElo "1951"]
[BlackElo "2208"]
[WhiteTeam "CEREBRO"]
[BlackTeam "2222 SK POLABINY A (MCR)"]
[WhiteFideId "24124290"]
[BlackFideId "313300"]
[EventDate "2018.07.12"]
[EventType "team"]

1. e4 c5 2. c3 Nf6 3. e5 Nd5 4. Bc4 Nb6 5. Bb3 d5 6. exd6 Qxd6 7. Nf3 Nc6 8. O-O
Be6 9. Bc2 Bd5 10. Re1 Rd8 11. b3 Qf6 12. Be4 h6 13. Bb2 Bxe4 14. Rxe4 e6 15.
Na3 Be7 16. Qc2 O-O 17. Rd1 Rd7 18. Ree1 h5 19. Qe4 Rfd8 20. Nc2 Qh6 21. d4 Bf6
22. Qe2 cxd4 23. Ncxd4 Nxd4 24. Nxd4 Bxd4 25. cxd4 Nd5 26. Qe4 Rc8 27. Rc1 Rdc7
28. Qb1 Qg5 29. Rxc7 Rxc7 30. Bc1 Qd8 31. Be3 Qc8 32. Rc1 Rxc1+ 33. Qxc1 Qxc1+
34. Bxc1 Kf8 35. Bd2 Ke7 36. Kf1 Kd6 37. Ke2 a6 38. Kd3 g6 39. h3 Nb6 40. Ke4
Nd7 41. Bf4+ Kc6 42. Bd2 Nf6+ 43. Ke5 Nd7+ 44. Ke4 f6 45. Bb4 Nb6 46. Bd2 Nd5
47. g4 hxg4 48. hxg4 Kd6 49. f3 f5+ 50. Kd3 b5 51. a3 Nf6 52. g5 Nd7 53. f4 Kd5
54. Ba5 Nb8 55. Bb6 Nc6 56. Ke3 Ne7 57. Bc5 Nc8 58. Kd3 Nd6 59. Bb6 Ne4 60. Ba5
Nd6 61. Bb6 Nb7 62. Bc7 Kc6 63. Be5 Na5 64. Kc3 Kd5 65. a4 Nc6 66. axb5 axb5 67.
Kd3 b4 68. Bf6 Na5 69. Be7 Nxb3 70. Bxb4 Nxd4 71. Bc3 Nc6 72. Bf6 e5 73. Ke3 e4
74. Bc3 Kc4 75. Bf6 Nb4 76. Be5 Nd5+ 77. Ke2 Ne7 78. Bf6 Nc6 79. Ke3 Kb3 80. Bg7
Kc2 81. Ke2 Nb4 82. Bf6 Na2 83. Be7 Nc3+ 84. Ke3 Nd5+ 0-1

[Event "28th Czech Open E 2018"]
[Site "Pardubice CZE"]
[Date "2018.07.14"]
[Round "5.1"]
[White "Potapov, Pavel"]
[Black "Balacek, Tadeas"]
[Result "1-0"]
[WhiteTitle "GM"]
[BlackTitle "CM"]
[WhiteElo "2500"]
[BlackElo "2294"]
[WhiteTeam "YAMAL 1"]
[BlackTeam "KS 1925 RICANY A (MCR)"]
[WhiteFideId "4169786"]
[BlackFideId "327646"]
[EventDate "2018.07.12"]
[EventType "team"]

1. e4 e6 2. d4 d5 3. Bd3 c5 4. exd5 exd5 5. Nf3 Nf6 6. dxc5 Bxc5 7. O-O O-O 8.
Nbd2 Nc6 9. Nb3 Bb6 10. Bg5 Bg4 11. Re1 Qd6 12. Bh4 Rfe8 13. Bg3 Qd7 14. Qd2
Bxf3 15. gxf3 h6 16. Kg2 a6 17. Rad1 Rxe1 18. Rxe1 Re8 19. c3 Re7 20. Bc2 Qe8
21. Rxe7 Qxe7 22. Nc1 d4 23. c4 Qe6 24. b3 Nd7 25. Nd3 Qe7 26. b4 Nf6 27. a3 Bc7
28. Nf4 Qd8 29. Bb3 Bxf4 30. Bxf4 Nh5 31. Bg3 Nxg3 32. hxg3 Qf6 33. c5 Kf8 34.
Qd3 g6 35. Bd5 Qd8 36. Qe4 Qd7 37. Bc4 Nd8 38. Qd5 Ke8 39. Qe6+ fxe6 1-0

[Event "28th Czech Open E 2018"]
[Site "Pardubice CZE"]
[Date "2018.07.14"]
[Round "5.2"]
[White "Starek, Stanislav"]
[Black "Belyakov, Bogdan"]
[Result "0-1"]
[BlackTitle "IM"]
[WhiteElo "2179"]
[BlackElo "2489"]
[WhiteTeam "KS 1925 RICANY A (MCR)"]
[BlackTeam "YAMAL 1"]
[WhiteFideId "349844"]
[BlackFideId "24104795"]
[EventDate "2018.07.12"]
[EventType "team"]

1. d4 Nf6 2. c4 g6 3. Nc3 Bg7 4. e4 d6 5. Be2 O-O 6. Be3 c5 7. Nf3 Ng4 8. O-O
Nxe3 9. fxe3 Nc6 10. Qd2 Qa5 11. h3 a6 12. a3 Qb6 13. Kh1 Qa7 14. Rfd1 Bd7 15.
b4 cxb4 16. axb4 Nxb4 17. Nb5 Qb6 18. Qxb4 axb5 19. cxb5 Bh6 20. Ra3 Rfc8 21.
Rda1 Rxa3 22. Qxa3 Qc7 23. e5 Qc2 24. Ng1 Qc3 25. exd6 exd6 26. e4 Qxd4 27. Rd1
Qc5 28. Qg3 Bf8 29. Rd5 Qb4 30. e5 Be6 31. Rd1 dxe5 32. Qxe5 Qc5 33. Nf3 Qxe5
34. Nxe5 Rc2 35. Bf3 Rc5 36. Ng4 Rxb5 37. Nf6+ Kg7 38. Ne8+ Kh6 39. Nc7 Rb2 40.
Nxe6 fxe6 41. Kh2 b5 42. Kg3 b4 43. Rd3 Rc2 44. Bd1 Rc6 45. Bb3 Kg5 46. Kf3 Kf6
47. Ke4 Bd6 48. Rf3+ Ke7 49. Rd3 h5 50. Kf3 Rc8 51. Ke2 Be5 52. Re3 Kd6 53. Re4
Rb8 54. Kf3 Rb5 55. Ke2 g5 56. Kf3 Rb8 57. Ke2 Rb6 58. Kd3 Rb7 59. Ke2 Rb8 60.
Kd3 h4 61. Ke2 Rb6 62. Kd3 Rb5 63. Ke2 Rb7 64. Kd3 Rb8 65. Ke2 Bf4 66. Rxe6+ Kc5
67. Re4 Rd8 68. Rc4+ Kb5 69. Rc2 Re8+ 70. Kd1 Re3 71. Bc4+ Kb6 72. Bf7 Rd3+ 73.
Ke2 Rd4 74. Be6 Re4+ 75. Kf2 Rxe6 76. Rc4 b3 77. Rc3 Re3 0-1

[Event "28th Czech Open E 2018"]
[Site "Pardubice CZE"]
[Date "2018.07.14"]
[Round "5.3"]
[White "Potapov, Alexander1"]
[Black "Braun, Marek"]
[Result "1-0"]
[WhiteTitle "GM"]
[WhiteElo "2404"]
[BlackElo "2226"]
[WhiteTeam "YAMAL 1"]
[BlackTeam "KS 1925 RICANY A (MCR)"]
[WhiteFideId "4115074"]
[BlackFideId "329029"]
[EventDate "2018.07.12"]
[EventType "team"]

1. d4 Nf6 2. c4 c5 3. d5 e5 4. Nc3 d6 5. e4 a6 6. h3 Be7 7. Bd3 Nbd7 8. Nge2 h5
9. h4 Rb8 10. a3 Nf8 11. b4 b6 12. f3 Ng8 13. g3 g5 14. hxg5 Bxg5 15. f4 exf4
16. gxf4 Bh4+ 17. Kd2 Nh6 18. Qf1 Ng4 19. Nd1 b5 20. cxb5 axb5 21. Bb2 Bf6 22.
Nec3 c4 23. Be2 Qb6 24. Bxg4 Bxg4 25. Qf2 Bd4 26. Ne3 Nd7 27. Rae1 Nf6 28. Kc1
Kf8 29. Qd2 Rg8 30. Nc2 Bxc3 31. Qxc3 Nd7 32. Nd4 Re8 33. Re3 Nf6 34. Rhe1 Rg6
35. Qd2 Bd7 36. Nf3 Qd8 37. Ng5 Ng4 38. Rf3 f6 39. Nh3 Re7 40. e5 Bf5 41. e6 Nh6
42. Ng5 Kg8 43. Qc3 Reg7 44. Nh3 Rg2 45. Nf2 Ng4 46. Qd4 Nh2 47. Rc3 Rg1 48. Rd1
R7g2 49. Ne4 Bxe4 50. Qxe4 Qe7 51. Rh3 Qg7 52. e7 Rxd1+ 53. Kxd1 Rg1+ 54. Kc2
Rg2+ 55. Kb1 Rxb2+ 56. Kxb2 f5+ 57. Ka2 fxe4 58. e8=Q+ Qf8 59. Qxf8+ 1-0

[Event "28th Czech Open E 2018"]
[Site "Pardubice CZE"]
[Date "2018.07.14"]
[Round "5.4"]
[White "Skalicky, Tomas"]
[Black "Krapivin, Vladislav"]
[Result "0-1"]
[BlackTitle "IM"]
[WhiteElo "2120"]
[BlackElo "2310"]
[WhiteTeam "KS 1925 RICANY A (MCR)"]
[BlackTeam "YAMAL 1"]
[WhiteFideId "334898"]
[BlackFideId "4126149"]
[EventDate "2018.07.12"]
[EventType "team"]

1. d4 Nf6 2. c4 d6 3. Nf3 c6 4. Nc3 Nbd7 5. e4 e5 6. Be2 Be7 7. O-O a6 8. d5
cxd5 9. exd5 O-O 10. Rb1 Ne8 11. b4 f5 12. Qb3 Kh8 13. Rd1 b6 14. Na4 g5 15. c5
bxc5 16. bxc5 g4 17. Nd2 dxc5 18. Nc4 Nd6 19. Bb2 Nxc4 20. Qxc4 Bd6 21. Ba3 Ra7
22. Rb3 h5 23. Rdb1 f4 24. Nb6 Nxb6 25. Rxb6 Rc7 26. Qa4 f3 27. Bxa6 Bf5 28. Rc1
fxg2 29. Qb5 Be4 30. Qe2 Rf4 31. Bd3 Bxd5 32. Qb2 Rd4 33. Rxd6 Qxd6 34. Qb8+ Kg7
35. Rxc5 Rd7 36. Qb1 Qf6 37. Bb2 Rb7 38. Bxd4 Rxb1+ 39. Bxb1 exd4 40. Rxd5 h4
41. Rd7+ Kf8 42. Be4 h3 43. a4 d3 0-1